Văn học trung đại Việt Nam dưới góc nhìn văn hóa
v.v...
Đã lưu trong:
| Tác giả chính: | |
|---|---|
| Định dạng: | Sách |
| Năm xuất bản: |
H.
Giáo dục
2008
|
| Chủ đề: | |
| Tags: |
Thêm thẻ
Không có thẻ, Hãy là người đầu tiên gắn thẻ bản ghi này!
|
| LEADER | 01498nam a2200229 4500 | ||
|---|---|---|---|
| 082 | |a 895.92209 |b TR120NH | ||
| 100 | |a Trần Nho Thìn | ||
| 245 | |a Văn học trung đại Việt Nam dưới góc nhìn văn hóa |c Trần Nho Thìn | ||
| 260 | |a H. |b Giáo dục |c 2008 | ||
| 300 | |a 719 tr. |c 24 cm | ||
| 520 | |a v.v... | ||
| 653 | |a Văn học trung đại | ||
| 653 | |a Việt Nam | ||
| 653 | |a Phê bình văn học | ||
| 942 | |2 ddc |c STK0 | ||
| 999 | |c 3117 |d 3117 | ||
| 952 | |0 0 |1 0 |2 ddc |4 0 |6 895_922090000000000_TR120NH |7 1 |8 800 |9 35252 |a qbu |b qbu |c D5 |d 2014-12-15 |g 109000 |o 895.92209 TR120NH |p 3484.c1 |r 0000-00-00 |w 2014-12-15 |y STK0 | ||
| 952 | |0 0 |1 0 |2 ddc |4 0 |6 895_922090000000000_TR120NH |7 0 |8 800 |9 35253 |a qbu |b qbu |c D5 |d 2014-12-15 |g 109000 |l 3 |m 1 |o 895.92209 TR120NH |p 3484.c2 |r 2016-04-25 |s 2016-04-11 |w 2014-12-15 |y STK0 | ||
| 952 | |0 0 |1 0 |2 ddc |4 0 |6 895_922090000000000_TR120NH |7 0 |8 800 |9 35254 |a qbu |b qbu |c D5 |d 2014-12-15 |g 109000 |l 2 |o 895.92209 TR120NH |p 3484.c3 |r 2016-09-05 |s 2016-08-23 |w 2014-12-15 |y STK0 | ||
| 952 | |0 0 |1 0 |2 ddc |4 0 |6 895_922090000000000_TR120NH |7 0 |8 800 |9 35255 |a qbu |b qbu |c D5 |d 2014-12-15 |g 109000 |l 1 |o 895.92209 TR120NH |p 3484.c4 |r 2015-12-22 |s 2015-12-21 |w 2014-12-15 |y STK0 | ||
| 952 | |0 0 |1 0 |2 ddc |4 0 |6 895_922090000000000_TR120NH |7 0 |8 800 |9 35256 |a qbu |b qbu |c D5 |d 2014-12-15 |g 109000 |l 4 |m 1 |o 895.92209 TR120NH |p 3484.c5 |r 2016-03-28 |s 2016-03-10 |w 2014-12-15 |y STK0 | ||
| 952 | |0 0 |1 0 |2 ddc |4 0 |6 895_922090000000000_TR120NH |7 0 |8 800 |9 107843 |a qbu |b qbu |c D5 |d 2016-09-27 |g 90000 |o 895.92209 TR120NH |p 3484.c6 |r 0000-00-00 |w 2016-09-27 |y STK0 | ||